000 00621nam a2200157Ia 4500
008 090123s9999 xx 000 0 und d
082 _b17243
245 _aकॉ. डांगे भारतीय राजकारणातील वादळ
250 _a1
260 _bशलाका प्रकाशन
_c1989
300 _a187
630 _aकॉ. डांगे भारतीय राजकारणातील वादळ
700 _aसुर्वे नारायण
730 _aकॉ. डांगे भारतीय राजकारणातील वादळ
942 _cBOOK
999 _c55303
_d55303